Départements français par altitude moyenne - Statistiques

Statistiques générales
  • Ce quiz a été pris 218 fois
  • Le résultat moyen est 15 sur 20
Statistiques - réponses
Altitude moyenne Département % Correct
1 120 m Haute Savoie
98%
1 595 m Savoie
97%
1 663 m Hautes Alpes
94%
846 m Isère
90%
1 148 m Alpes de Haute Provence
89%
1 109 m Alpes Maritimes
87%
855 m Cantal
82%
1 020 m Hautes Pyrénées
82%
706 m Puy de Dome
82%
847 m Pyrénées Orientales
80%
879 m Haute Loire
74%
1 023 m Lozère
73%
946 m Ariège
72%
595 m Ardèche
71%
579 m Drome
71%
586 m Loire
64%
623 m Aveyron
62%
618 m Doubs
62%
592 m Haute-Corse
55%
535 m Corse du Sud
52%
Aucun quiz correspondant
Distribution des résultats
% des personnes avec chaque résultat
Percentile par nombre de réponses
Votre historique - résultats
Vous n’avez pas pris ce quiz